La Cité Linéaire (Record no. 173917)

MARC details
000 -LEADER
campo de control de longitud fija 01271nam a2200265 4500
001 - NÚMERO DE CONTROL
campo de control 173917
003 - IDENTIFICADOR DE NÚMERO DE CONTROL
campo de control ES-MaACL
005 - FECHA Y HORA DE LA ÚLTIMA TRANSACCIÓN
campo de control 20250730063151.0
008 - DATOS DE LONGITUD FIJA--INFORMACIÓN GENERAL
campo de control de longitud fija 100128c1984 fr a |||| | fre d
020 ## - NÚMERO INTERNACIONAL ESTÁNDAR DEL LIBRO
Número Internacional Estándar del Libro 2-903639-29-9
080 ## - NÚMERO DE LA CLASIFICACIÓN DECIMAL UNIVERSAL
Número de la Clasificación Decimal Universal 711.4(464.1 M.-212)
100 1# - ENTRADA PRINCIPAL--NOMBRE DE PERSONA
Nombre de persona Soria y Mata, Arturo,
Fechas asociadas al nombre 1844-1920
9 (RLIN) 107372
245 13 - MENCIÓN DEL TÍTULO
Título La Cité Linéaire
Resto del título : conception nouvelle pour l'aménagement des villes /
Mención de responsabilidad, etc. [Arturo Soria y Mata].
246 35 - FORMA VARIANTE DEL TITULO
Título propio/Titulo breve La Cité Linéaire
Resto del título : nouvelle architecture de villes
250 ## - MENCION DE EDICION
Mención de edición 2e impr.
260 ## - PUBLICACIÓN, DISTRIBUCIÓN, ETC.
Lugar de publicación, distribución, etc. Paris :
Nombre del editor, distribuidor, etc. École nationale supérieure des Beaux-Arts,
Fecha de publicación, distribución, etc. 1984.
300 ## - DESCRIPCIÓN FÍSICA
Extensión XII, 51 p., 2 h. de lám. :
Otras características físicas il., planos ;
Dimensiones 27 cm.
505 8# - NOTA DE CONTENIDO CON FORMATO
Nota de contenido con formato Contiene: ;
Título La Cité Linéaire : nouvelle architecture de villes /
Mención de responsabilidad rapport présenté par la "Compañía Madrileña de Urbanización" dans le "Premier Congrès International de l'Art de construirie villes et organization de la vie municipale", de Gand ; traduction de M. Georges Benoit-Levy
599 ## - NOTA A LAS ILUSTRACIONES
NOTA A LAS ILUSTRACIONES Retr. de Arturo Soria.
650 ## - PUNTO DE ACCESO ADICIONAL DE MATERIA--TÉRMINO DE MATERIA
Término de materia o nombre geográfico como elemento de entrada Urbanismo-
Subdivisión geográfica Ciudad Lineal (Madrid, Distrito)
9 (RLIN) 17698
651 ## - PUNTO DE ACCESO ADICIONAL DE MATERIA--NOMBRE GEOGRÁFICO
Nombre geográfico Ciudad Lineal (Madrid, Distrito)
9 (RLIN) 145210
710 2# - ENTRADA AGREGADA--NOMBRE DE ENTIDAD CORPORATIVA
Nombre de entidad corporativa o nombre de jurisdicción como elemento de entrada Compañía Madrileña de Urbanización.
9 (RLIN) 3121
852 4# - LOCALIZACIÓN
Ubicación BA
Número de control de estantería 2279-F-16
Holdings
Estatus retirado Estado de pérdida Estado de daño No para préstamo Colección Biblioteca de origen Biblioteca actual Ubicación en estantería Fecha de adquisición Fuente de adquisición Total de préstamos Signatura topográfica completa Código de barras Visto por última vez Precio de reemplazo Tipo de ítem Koha
        Colección de folletos Biblioteca del Ateneo de Madrid Biblioteca del Ateneo de Madrid Depósito folletos 28/01/2010     2279-F-16 1182555 23/02/2023 23/02/2023 Folleto